Desarrollo de un protocolo de escogencia y dimensionado de un sistema floculador-sedimentador para el tratamiento de desechos liquidos tomando como modelo los efluentes de una industria lactea
Gorde:
| Egile nagusia: | |
|---|---|
| Formatua: | Liburua |
| Argitaratua: |
San José, C.R
2004
|
| Gaiak: | |
| Etiketak: |
Etiketa erantsi
Etiketarik gabe, Izan zaitez lehena erregistro honi etiketa jartzen!
|
MARC
| LEADER | 00000nam a2200000Ia 4500 | ||
|---|---|---|---|
| 003 | 010283 | ||
| 005 | 20221231144130.0 | ||
| 008 | 140114s2004 cr a m 000 ||s d | ||
| 040 | |c cru CEDI | ||
| 090 | |a TFG 5063 | ||
| 100 | |a Granados Cerdas, Lizzie |9 6024 | ||
| 245 | |a Desarrollo de un protocolo de escogencia y dimensionado de un sistema floculador-sedimentador para el tratamiento de desechos liquidos tomando como modelo los efluentes de una industria lactea | ||
| 260 | |c 2004 |a San José, C.R | ||
| 300 | |a x, 108 hojas : ilustraciones, fotografías color | ||
| 500 | |a Tesis (licenciatura en ingeniería quimíca)--Universidad de Costa Rica. Facultad de Ingeniería. Escuela de Ingeniería Química | ||
| 650 | |x SEDIMENTACION |x ANALISIS DE AGUAS RESIDUALES |x PURIFICACION DE AGUAS RESIDUALES |9 6025 | ||
| 942 | |c TFG | ||
| 999 | |c 17360 |d 17360 | ||
